Từ điển tin học Anh - Việt = Encyclopedia of personal computing

Сохранить в:
Библиографические подробности
Формат:
Язык:English
Опубликовано: Thế giới 1996
Предметы:
Метки: Добавить метку
Нет меток, Требуется 1-ая метка записи!
Thư viện lưu trữ: Mạng thư viện Đại học Đà Nẵng
LEADER 01070nam a2200301 a 4500
001 000002063
003 03399
005 20171229145311.0
008 171229s1996 eng
040 |a LSK 
041 0 |a ENG  |a VIE 
082 0 |a 004.03  |b ĐĂ-P 
245 0 0 |a Từ điển tin học Anh - Việt = Encyclopedia of personal computing  |c Đặng Đức Phương, Lê Thị Phong Vân, Nguyễn Kim Thanh, Lê Minh, Trần Thanh Tùng, Lê Quang Hùng 
260 |b Thế giới  |c 1996 
300 |a 734 pages  |c 20,5 cm. 
653 |a Tin học 
852 |a Phòng Đọc 
901 |a 2 
927 |a Sách tham khảo 
OWN |a LSK 
AVA |a UDN50  |b LSK  |d 004.03 ĐĂ-P  |e available  |t Error 5001 Not defined in file expand_doc_bib_avail.  |f 2  |g 0  |h N  |i 0  |k 1 
999 |a From the UDN01 
AVA |a UDN50  |b LSK  |d 004.03 ĐĂ-P  |e available  |t Error 5001 Not defined in file expand_doc_bib_avail.  |f 2  |g 0  |h N  |i 0  |k 1 
TYP |a Monograph 
TYP |a Printed language 
980 |a Mạng thư viện Đại học Đà Nẵng